El concepto de Ius singulare en Derecho romano / (Record no. 20774)

MARC details
000 -LEADER
campo de control de longitud fija 00693nam a2200193 i 4500
001 - NÚMERO DE CONTROL
campo de control 20774
003 - IDENTIFICADOR DE NÚMERO DE CONTROL
campo de control ES-MaACL
005 - FECHA Y HORA DE LA ÚLTIMA TRANSACCIÓN
campo de control 20250807063205.0
007 - CAMPO FIJO DE DESCRIPCIÓN FÍSICA--INFORMACIÓN GENERAL
campo de control de longitud fija t|
008 - DATOS DE LONGITUD FIJA--INFORMACIÓN GENERAL
campo de control de longitud fija 021118s1968 sp ||||1| spa d
100 1# - ENTRADA PRINCIPAL--NOMBRE DE PERSONA
Nombre de persona Aisa Garin, Carlos
9 (RLIN) 18992
245 13 - MENCIÓN DEL TÍTULO
Título El concepto de Ius singulare en Derecho romano /
Mención de responsabilidad, etc. autore carolo Aisa Garín.
260 ## - PUBLICACIÓN, DISTRIBUCIÓN, ETC.
Lugar de publicación, distribución, etc. Jaca :
Nombre del editor, distribuidor, etc. [s.n.,
Fecha de publicación, distribución, etc. 1968] (
Lugar de fabricación/manufactura Zaragoza :
Fabricante El Noticiero)
300 ## - DESCRIPCIÓN FÍSICA
Extensión 128 p. ;
Dimensiones 24 cm.
500 ## - NOTA GENERAL
Nota general Precede al tít.: Pontificia Univeritas Gregoriana. Facultas Iuris Canonici.
710 2# - ENTRADA AGREGADA--NOMBRE DE ENTIDAD CORPORATIVA
Nombre de entidad corporativa o nombre de jurisdicción como elemento de entrada Pontificia Universitas Gregoriana.
Unidad subordinada Facultas Iuris Canonici.
9 (RLIN) 6236
852 ## - LOCALIZACIÓN
Ubicación ES-MaACL
Número de control de estantería C-45529
Sublocalización o colección R.66954
Holdings
Estatus retirado Estado de pérdida Estado de daño No para préstamo Biblioteca de origen Biblioteca actual Ubicación en estantería Fecha de adquisición Fuente de adquisición Total de préstamos Signatura topográfica completa Código de barras Visto por última vez Precio de reemplazo Tipo de ítem Koha
        Biblioteca del Ateneo de Madrid Biblioteca del Ateneo de Madrid Depósito 2 17/01/2008     C-45529 1021334 23/02/2023 23/02/2023 Libro impreso